Teoretické vymedzenie medzinárodného transferového oceňovania

Princípy, metódy a význam mezdinárodného transferového oceňovania. Oblasť daní a medzinárodného zdanenia. Nadnárodná legislatívna úprava a legislatíva v Slovenskej republike.

Salvato in:
Dettagli Bibliografici
Autore principale: Linkayová, Lucia
Altri autori: Čižmík, Slavomír
Natura: Capitolo di libro
Lingua:slovacco
Soggetti:
Tags: Aggiungi Tag
Nessun Tag, puoi essere il primo ad aggiungerne!!

MARC

LEADER 00000nla$a2200000$$$4500
001 0124559
005 20240502072417.7
041 0 |a slo 
044 |a SK 
245 1 0 |a Teoretické vymedzenie medzinárodného transferového oceňovania  |c Lucia Linkayová, Slavomír Čižmík 
520 |a Princípy, metódy a význam mezdinárodného transferového oceňovania. Oblasť daní a medzinárodného zdanenia. Nadnárodná legislatívna úprava a legislatíva v Slovenskej republike. 
610 2 0 |a oceňovanie transferové 
610 2 0 |a účtovníctvo medzinárodné 
610 2 0 |a metódy 
610 2 0 |a oceňovanie 
610 2 0 |a dane 
610 2 0 |a zdaňovanie medzinárodné 
610 2 0 |a ceny transferové 
610 2 0 |a legislatíva 
610 2 0 |a OECD 
610 2 0 |a Slovensko 
100 1 |a Linkayová, Lucia 
700 1 |a Čižmík, Slavomír